Aplicación de índices de vulnerabilidad hospitalaria
Enregistré dans:
| Auteur principal: | |
|---|---|
| Format: | Livre |
| Publié: |
[San José, Costa Rica : Universidad de Costa Rica, Facultad de Ingeniería, Instituto de Investigaciones en Ingeniería, Laboratorio de Ingeniería Sísmica]
2012
|
| Tags: |
Ajouter un tag
Pas de tags, Soyez le premier à ajouter un tag!
|
MARC
| LEADER | 00000nam a2200000Ia 4500 | ||
|---|---|---|---|
| 003 | PI0212 | ||
| 005 | 20240529114904.0 | ||
| 008 | 140116s1998 c a m 000 ||s d | ||
| 040 | |c cru CEDI | ||
| 090 | |a PI-212 | ||
| 100 | |a Hidalgo Leiva, Diego Antonio, 1984 |9 3157 | ||
| 245 | |a Aplicación de índices de vulnerabilidad hospitalaria | ||
| 260 | |a [San José, Costa Rica : Universidad de Costa Rica, Facultad de Ingeniería, Instituto de Investigaciones en Ingeniería, Laboratorio de Ingeniería Sísmica] |c 2012 | ||
| 500 | |a Informe Final No. 731-B2-243 | ||
| 942 | |c PI |h PI-212 |i PI0212 |6 PI_212_PI0212 | ||
| 999 | |c 13256 |d 13256 | ||
